000 00473cam a2200145 4500500
005 20251012032556.0
041 _afre
042 _adc
100 1 0 _aSesé, Bernard
_eauthor
245 0 0 _aNicole Fabre, L’inconscient de Descartes, Paris, Bayard, 2003, 142 pages.
260 _c2005.
500 _a5
786 0 _nSigila | 15 | 1 | 2005-06-20 | p. 225-226 | 1286-1715
856 4 1 _uhttps://shs.cairn.info/revue-sigila-2005-1-page-225?lang=fr&redirect-ssocas=7080
999 _c1547729
_d1547729